উদ্ভিদবিজ্ঞান ১ম খন্ড / (Record no. 3130)

MARC details
000 -LEADER
fixed length control field 00793nam a22002057a 4500
001 - CONTROL NUMBER
control field BD-DhSAU 3130
003 - CONTROL NUMBER IDENTIFIER
control field BD-DhSAU
005 - DATE AND TIME OF LATEST TRANSACTION
control field 20150204094131.0
008 - FIXED-LENGTH DATA ELEMENTS--GENERAL INFORMATION
fixed length control field 150203b1987 a||||r|||| 000 0 ben d
040 ## - CATALOGING SOURCE
Original cataloging agency BD-DhSAU
082 ## - DEWEY DECIMAL CLASSIFICATION NUMBER
Edition number 22
Classification number ৫৮১
Item number দেবউ
100 ## - MAIN ENTRY--PERSONAL NAME
Personal name মিত্র, দেবব্রত
245 ## - TITLE STATEMENT
Title উদ্ভিদবিজ্ঞান ১ম খন্ড /
Statement of responsibility, etc. দেবব্রত মিত্র...[অন্যান্য]
250 ## - EDITION STATEMENT
Edition statement ২য় সংসকরণ
260 ## - PUBLICATION, DISTRIBUTION, ETC. (IMPRINT)
Place of publication, distribution, etc. কলিকাতা :
Name of publisher, distributor, etc. মৌিলিক লাইব্রেরী ;
Date of publication, distribution, etc. ১৯৮৬.
300 ## - PHYSICAL DESCRIPTION
Extent xxviii, ৯৩২ পৃ. :
Other physical details চিত্র ;
Dimensions ২১ সেমি।
590 ## - Name of Cataloguer
Name of Cataloger joy
650 ## - SUBJECT ADDED ENTRY--TOPICAL TERM
Topical term or geographic name as entry element উদ্ভিদবিজ্ঞান।
650 ## - SUBJECT ADDED ENTRY--TOPICAL TERM
Topical term or geographic name as entry element Botany.
942 ## - ADDED ENTRY ELEMENTS (KOHA)
Source of classification or shelving scheme Dewey Decimal Classification
Koha item type Book
Holdings
Withdrawn status Lost status Source of classification or shelving scheme Damaged status Not for loan Home library Branch Name Shelving location Date acquired Total Checkouts Full call number Barcode Date last seen Price effective from Koha item type Date checked out
    Dewey Decimal Classification     SAU Library SAU Library General Stacks 14/06/1990   ৫৮১ দেবউ 15006 04/02/2015 04/02/2015 Book  
    Dewey Decimal Classification     SAU Library SAU Library General Stacks 14/06/1990   ৫৮১ দেবউ 15022 04/02/2015 04/02/2015 Book  
    Dewey Decimal Classification     SAU Library SAU Library General Stacks 14/06/1990   ৫৮১ দেবউ 15015 04/02/2015 04/02/2015 Book  
    Dewey Decimal Classification     SAU Library SAU Library General Stacks 14/06/1990 2 ৫৮১ দেবউ 15002 29/01/2018 04/02/2015 Book 28/12/2017
    Dewey Decimal Classification     SAU Library SAU Library General Stacks 15/11/1993   ৫৮১ দেবউ 15005 04/02/2015 04/02/2015 Book  
    Dewey Decimal Classification     SAU Library SAU Library General Stacks 14/06/1990   ৫৮১ দেবউ 14998 04/02/2015 04/02/2015 Book